000
00304nam a22001337a 4500
008
181205b xxu||||| |||| 00| 0 eng d
020
_a
9780721639024
041
_a
eng
080
_2
4 th
_a
004
100
_a
38
101
_a
SHK
245
_a
Principles Protocols On Calls
_c
James.d
942
_2
udc
_c
BK
999
_c
52839
_d
52839